साकेत मराठी मराठी शब्दकोश (Record no. 1002090)
[ view plain ]
| 000 -LEADER | |
|---|---|
| fixed length control field | 00427nam a2200133Ia 4500 |
| 008 - FIXED-LENGTH DATA ELEMENTS--GENERAL INFORMATION | |
| fixed length control field | 151001s9999||||xx |||||||||||||| ||und|| |
| 100 ## - MAIN ENTRY--PERSONAL NAME | |
| Personal name | स ध झांबरे |
| 245 ## - TITLE STATEMENT | |
| Title | साकेत मराठी मराठी शब्दकोश |
| 250 ## - EDITION STATEMENT | |
| Edition statement | 1 |
| 260 ## - PUBLICATION, DISTRIBUTION, ETC. (IMPRINT) | |
| Name of publisher, distributor, etc | साकेत प्रकाशन प्रा लि औरंगाबाद |
| 260 ## - PUBLICATION, DISTRIBUTION, ETC. (IMPRINT) | |
| Date of publication, distribution, etc | २०१३ |
| 300 ## - PHYSICAL DESCRIPTION | |
| Extent | 377 |
| 365 ## - TRADE PRICE | |
| Price amount | 21 |
No items available.